Significado de los movimientos populares en la gestación del Estado y la identidad nacional en Honduras : memoria del seminario de historia, 1996 /
Zapisane w:
| Korporacja: | |
|---|---|
| Format: | Nieznany |
| Język: | Spanish |
| Wydane: |
Tegucigalpa, Honduras :
Instituto Hondureño de Antropología e Historia,
2000.
|
| Hasła przedmiotowe: | |
| Etykiety: |
Dodaj etykietę
Nie ma etykietki, Dołącz pierwszą etykiete!
|
MARC
| LEADER | 000000000a22000000004500 | ||
|---|---|---|---|
| 001 | 001903 | ||
| 020 | |a 9992617020 | ||
| 041 | 0 | |a spa | |
| 082 | 0 | 4 | |a 972.83 |b I59-i |
| 110 | 2 | |a Instituto Hondureño de Antropología e Historia | |
| 245 | 1 | 0 | |a Significado de los movimientos populares en la gestación del Estado y la identidad nacional en Honduras : |b memoria del seminario de historia, 1996 / |c Instituto Hondureño de Antropología e Historia. |
| 260 | 1 | |a Tegucigalpa, Honduras : |b Instituto Hondureño de Antropología e Historia, |c 2000. | |
| 300 | |a 69 páginas | ||
| 500 | |a "Memoria del Seminario de Historia, 1996" | ||
| 505 | |a Contenido: La protesta socialen la Honduras colonial. Una búsqueda teórico metodológica / María de los Ángeles Chaverri Mora -- Manuel Subirana y el movimiento mesiánico en Honduras / Rolando Sierra Fonseca -- Movimientos populares, etnoracismo y la problemática de la identidad nacional: apuntes sobre los palestino hondureños / Darío Aquiles Euraque | ||
| 650 | 4 | |a HONDURAS | |
| 650 | 4 | |a HISTORIA | |
| 999 | |c 8549 |d 8549 | ||
| 942 | |c BK |h 972.83 I59-i |2 z | ||



